00541 2200181 4500001002100000005001700021008004100038035002400079082001200103090001800115100002300133245010300156250001100259260003900270300002000309650001800329990001200347YOGYA-0612000000052620120607193415.0 ind  0010-061200000000524 a823.081 a823.081 Irv W aIRVING, Washington athe world of Washington-IrvingcWashinton Irving; edited and introduced By John Francis McDermolt. acet.1. aNew YorkbDell Publishing Coc1965 a320 hlm.c16 cm aFiksi Inggris a10808-a